FC Barcelona 2000's Starting XI - Statistics

General Stats
  • This quiz has been taken 352 times
  • The average score is 73 of 110
Answer Stats
% Correct
2008/2009 RW Lionel Messi
99%
2007/2008 RW Lionel Messi
99%
2006/2007 RW Lionel Messi
99%
2008/2009 ST Samuel Eto'o
98%
2007/2008 ST Samuel Eto'o
98%
2006/2007 ST Samuel Eto'o
98%
2005/2006 ST Samuel Eto'o
98%
2004/2005 ST Samuel Eto'o
98%
2008/2009 CM Andres Iniesta
97%
2007/2008 CM Andres Iniesta
97%
2006/2007 CM Andres Iniesta
97%
2008/2009 CM Xavi Hernandez
97%
2007/2008 CM Xavi Hernandez
97%
2006/2007 CM Xavi Hernandez
97%
2004/2005 CM Xavi Hernandez
97%
2003/2004 CM Xavi Hernandez
97%
2002/2003 CM Xavi Hernandez
97%
2001/2002 CM Xavi Hernandez
97%
2008/2009 CB Carles Puyol
96%
2007/2008 CB Carles Puyol
96%
2006/2007 CB Carles Puyol
96%
2005/2006 CB Carles Puyol
96%
2004/2005 CB Carles Puyol
96%
2003/2004 CB Carles Puyol
96%
2002/2003 CB Carles Puyol
96%
2001/2002 RB Carles Puyol
96%
2006/2007 LW Ronaldinho
96%
2005/2006 LW Ronaldinho
96%
2004/2005 LW Ronaldinho
96%
2003/2004 LW Ronaldinho
96%
2008/2009 GK Victor Valdes
96%
2007/2008 GK Victor Valdes
96%
2006/2007 GK Victor Valdes
96%
2005/2006 GK Victor Valdes
96%
2004/2005 GK Victor Valdes
96%
2003/2004 GK Victor Valdes
96%
2008/2009 LW Thierry Henry
95%
2007/2008 LW Thierry Henry
95%
2008/2009 RB Dani Alves
94%
2008/2009 CB Gerard Pique
94%
2008/2009 CM Yaya Toure
91%
2007/2008 CM Yaya Toure
91%
2008/2009 LB Eric Abidal
89%
2007/2008 LB Eric Abidal
89%
2006/2007 CM Deco
84%
2005/2006 CM Deco
84%
2004/2005 CM Deco
84%
2006/2007 CB Rafael Marquez
80%
2005/2006 CM Rafael Marquez
80%
2004/2005 CM Rafael Marquez
80%
2003/2004 CB Rafael Marquez
80%
2001/2002 LM Rivaldo
78%
2000/2001 RW Rivaldo
78%
1999/2000 LM Rivaldo
78%
2007/2008 RB Gianluca Zambrotta
74%
2006/2007 RB Gianluca Zambrotta
74%
1999/2000 RM Luis Figo
74%
2002/2003 ST Patrick Kluivert
73%
2001/2002 ST Patrick Kluivert
73%
2000/2001 ST Patrick Kluivert
73%
1999/2000 ST Patrick Kluivert
73%
2006/2007 LB Giovanni van Bronckhorst
68%
2005/2006 LB Giovanni van Bronckhorst
68%
2004/2005 LB Giovanni van Bronckhorst
68%
2003/2004 LB Giovanni van Bronckhorst
68%
2005/2006 RW Ludovic Giuly
58%
2004/2005 RW Ludovic Giuly
58%
2003/2004 ST Javier Saviola
52%
2002/2003 ST Javier Saviola
52%
2001/2002 ST Javier Saviola
52%
2002/2003 CB Frank de Boer
51%
2001/2002 CB Frank de Boer
51%
2000/2001 CB Frank de Boer
51%
1999/2000 CB Frank de Boer
51%
2000/2001 CM Pep Guardiola
50%
1999/2000 CM Pep Guardiola
50%
2005/2006 RB Juliano Belletti
43%
2004/2005 RB Juliano Belletti
43%
2001/2002 RM Luis Enrique
43%
2000/2001 RM Luis Enrique
43%
2007/2008 CB Gabriel Milito
40%
2000/2001 LM Marc Overmars
40%
2003/2004 CM Phillip Cocu
40%
2002/2003 CM Phillip Cocu
40%
2001/2002 CM Phillip Cocu
40%
2000/2001 CM Phillip Cocu
40%
1999/2000 CM Phillip Cocu
40%
2005/2006 CM Edmilson
31%
2003/2004 RB Michael Reiziger
28%
2002/2003 RB Michael Reiziger
28%
2000/2001 CB Michael Reiziger
28%
1999/2000 RB Michael Reiziger
28%
2005/2006 CB Oleguer
28%
2004/2005 CB Oleguer
28%
2002/2003 CM Thiago Motta
23%
2000/2001 LW Simao
18%
2002/2003 GK Roberto Bonano
16%
2001/2002 GK Roberto Bonano
16%
1999/2000 ST Dani Garcia
14%
2003/2004 RW Luis Garcia
14%
1999/2000 GK Ruud Hesp
14%
1999/2000 LB Boudewijn Zenden
13%
2001/2002 LB Francesco Coco
13%
2002/2003 LB Gabri
13%
1999/2000 CB Abelardo
12%
2002/2003 CM Gaizka Mendieta
12%
2000/2001 GK Pepe Reina
12%
2003/2004 CM Gerard Lopez
11%
2001/2002 CB Philippe Christanval
9%
2000/2001 CB Sergi Barjuan
8%
No matching quizzes found
Score Distribution
Percent of People with Each Score
Percentile by Number Answered
Your Score History
You have not taken this quiz